Normal view
MARC view
- Sean Byrne ; Cynthia L Irvin
Entry Personal Name
001 - CONTROL NUMBER
- control field: 9378
003 - CONTROL NUMBER IDENTIFIER
- control field: NUST
005 - DATE AND TIME OF LATEST TRANSACTION
- control field: 20180121172643.0
008 - FIXED-LENGTH DATA ELEMENTS
- fixed length control field: 180121|| aca||aabn | a|a d
040 ## - CATALOGING SOURCE
- Original cataloging agency: NUST
- Transcribing agency: NUST
100 ## - HEADING--PERSONAL NAME
- Personal name: Sean Byrne ; Cynthia L Irvin
670 ## - SOURCE DATA FOUND
- Source citation: Work cat.: (NUST)320975: Sean Byrne ; Cynthia L Irvin, Reconcilable differences : turning points in ethnopolitical conflict, 2000
